header

Prison, probation, or parole? (Record no. 39618)

MARC details
000 -LEADER
fixed length control field 01153nam a2200325 a 4500
082 04 - DEWEY DECIMAL CLASSIFICATION NUMBER
Classification number 364.6
100 1# - MAIN ENTRY--AUTHOR NAME
Personal name Keve, Paul W.
245 10 - TITLE STATEMENT
Title Prison, probation, or parole?
260 ## - PUBLICATION, DISTRIBUTION, ETC. (IMPRINT)
Place of publication Minneapolis :
Name of publisher University of Minnesota Press,
Year of publication [1954]
300 ## - PHYSICAL DESCRIPTION
Number of Pages 263 p.
500 ## - GENERAL NOTE
General note Includes index.
650 #0 - SUBJECT ADDED ENTRY--TOPICAL TERM
Topical Term Probation
Topical Term Parole
856 40 - ELECTRONIC LOCATION AND ACCESS
Uniform Resource Identifier http://site.ebrary.com/lib/rucke/Doc?id=10231229

No items available.

© 2026 Rongo University
Contact us: librarian | system librarian | Rongo university